000 00556nam a22002057a 4500
003 OSt
005 20220107122733.0
008 140405b xxu||||| |||| 00| 0 eng d
020 _a9789350239834
040 _cIIITM-K
082 _a005.268W LYN/W
100 _aLynn, Samara
_93582
245 _aWindows server 2012:
_bUp and running
_cby Samara Lynn
260 _aMumbai,
_bO'Reilly,
_c2012.
300 _axi, 243p.
650 _aCOMPUTER SCIENCE
_93583
650 _aCOMPUTER NETWORKING
_93584
650 _aWINDOWS PROGRAMMING
_93585
942 _2ddc
_cBK
999 _c3699
_d3699